Websites by 404 Page - Statistics

General Stats
  • This quiz has been taken 39 times
  • The average score is 9 of 20
Answer Stats
Picture Answer % Correct
JetPunk
100%
Duolingo
94%
LEGO
86%
Google
75%
Minecraft
67%
Nintendo
64%
Scratch
50%
Twitch
44%
YouTube
44%
Marvel
39%
Chick-Fil-A
33%
NASA
33%
Discord
31%
Uber Eats
28%
Wendy's
28%
Amazon
22%
Netflix
11%
GitHub
8%
Scripps National Spelling Bee
8%
Codecademy
3%
No matching quizzes found
Score Distribution
Percent of People with Each Score
Percentile by Number Answered
Your Score History
You have not taken this quiz